Dinosaur Train Theme Lyrics - Statistics

General Stats
  • This quiz has been taken 94 times
  • The average score is 99 of 167
Answer Stats
Hint Answer % Correct
. a
84%
. DINOSAUR
84%
. Dinosaur
84%
. dinosaur
84%
. the
84%
. i
76%
. on
76%
. tiny
76%
. TRAIN!!
76%
. Train
76%
. train
76%
. mom
74%
. he
71%
. nest
71%
. shiny
71%
. 1
68%
. and
68%
. don
68%
. my
68%
. pteranodon
68%
. there
68%
. eggs
66%
. one
66%
. was
66%
. we
66%
. baby
63%
. hatching
63%
. more
63%
. mrs.
63%
. all
61%
. are
61%
. but
61%
. her
61%
. name
61%
. oh
61%
. said
61%
. there's
61%
. time
61%
. you
61%
. 3
58%
. big
58%
. by
58%
. eyes
58%
. green
58%
. in
58%
. once
58%
. she
58%
. wait
58%
. 2
55%
. am
55%
. buddy
55%
. different
55%
. doing
55%
. I'll
55%
. last
55%
. teeth
55%
. upon
55%
. what
55%
. with
55%
. come
53%
. look
53%
. tail
53%
. boy
50%
. dinosaurs
50%
. family
50%
. heard
50%
. I'm
50%
. little
50%
. sitting
50%
. size
50%
. this
50%
. well
50%
. we'll
50%
. your
50%
. be
47%
. didn't
47%
. is
47%
. like
47%
. rest
47%
. ride
47%
. take
47%
. anything
45%
. features
45%
. free
45%
. have
45%
. may
45%
. popped
45%
. pteranodons
45%
. scratch
45%
. we're
45%
. We're
45%
. gonna
39%
. kids
39%
. station
39%
. vacation
39%
. at
37%
. creatures
37%
. dear
37%
. travel
37%
. old
34%
. get
32%
. rain
32%
. species
32%
. sunshine
32%
. us
32%
. world
32%
. meet
29%
. ticket
26%
. RAWRRR
0%
No matching quizzes found
Score Distribution
Percent of People with Each Score
Percentile by Number Answered
Your Score History
You have not taken this quiz